Analog Circuit Design Vol.2: immersion in the black art analog design (Record no. 9577)

MARC details
000 -LEADER
fixed length control field 00611nam a22002057a 4500
003 - CONTROL NUMBER IDENTIFIER
control field OSt
005 - DATE AND TIME OF LATEST TRANSACTION
control field 20251022102012.0
008 - FIXED-LENGTH DATA ELEMENTS--GENERAL INFORMATION
fixed length control field 251022b |||||||| |||| 00| 0 eng d
020 ## - INTERNATIONAL STANDARD BOOK NUMBER
International Standard Book Number 9780123978882
040 ## - CATALOGING SOURCE
Transcribing agency DDC
082 ## - DEWEY DECIMAL CLASSIFICATION NUMBER
Classification number 621.38 ANA 2013
100 ## - MAIN ENTRY--PERSONAL NAME
Personal name Edited by Dobkin, Bob; Williams, Jim
9 (RLIN) 19481
245 ## - TITLE STATEMENT
Title Analog Circuit Design Vol.2: immersion in the black art analog design
260 ## - PUBLICATION, DISTRIBUTION, ETC. (IMPRINT)
Place of publication, distribution, etc. Amsterdam;
Name of publisher, distributor, etc. Elsevier,
Date of publication, distribution, etc. 2013
300 ## - PHYSICAL DESCRIPTION
Extent xviii,1250p.; Ill: 28cm
504 ## - BIBLIOGRAPHY, ETC. NOTE
Bibliography, etc References, & index included
650 ## - SUBJECT ADDED ENTRY--TOPICAL TERM
Topical term or geographic name as entry element Analog design
9 (RLIN) 9856
650 ## - SUBJECT ADDED ENTRY--TOPICAL TERM
Topical term or geographic name as entry element Circuit design
9 (RLIN) 5816
942 ## - ADDED ENTRY ELEMENTS (KOHA)
Source of classification or shelving scheme Dewey Decimal Classification
Koha item type Open Shelf
Holdings
Withdrawn status Lost status Source of classification or shelving scheme Damaged status Not for loan Home library Current library Date acquired Source of acquisition Inventory number Total Checkouts Full call number Barcode Date last seen Koha item type
    Dewey Decimal Classification     Main Kihumuro Campus Main Kihumuro Campus 22/10/2025 Purchase 25/42376   621.38 ANA 2013 2025-0153 22/10/2025 Open Shelf
    Dewey Decimal Classification     Main Kihumuro Campus Main Kihumuro Campus 22/10/2025 Purchase 25/42377   621.38 ANA 2013 2025-0154 22/10/2025 Open Shelf
    Dewey Decimal Classification     Main Kihumuro Campus Main Kihumuro Campus 22/10/2025 Purchase 25/42378   621.38 ANA 2013 2025-0155 22/10/2025 Open Shelf